Представление документа в формате RUSMARC

Поле Инд. ПП Название Значение
Тип записи a
Библиографический уровень a
001 Контрольный номер 97607370301d4a8fa3e96ccbda8998e4
005 Дата корректировки 20181120134548.6
100 a Данные общей обработки 20180821 ||| 0rusy0189 ca
101 0_ a Язык текста rus
102 a Страна публикации RU
200 1_ f Первые сведения об ответственности М.В. Беляев
a Заглавие Обоснованность судебных решений в уголовном судопроизводстве
210 d Дата издания 2018
461 _0 1 2000
a Российский судья
463 _0 1 2000
a №3
v С. 20-24
1 2101
d 2018
1 00116f14ab4b610419dafd3beaeda6577f5
606 a Основная рубрика Уголовно-процессуальное право
610 0_ a Ключевые слова УГОЛОВНЫЙ ПРОЦЕСС
a Ключевые слова СУДЕБНОЕ РЕШЕНИЕ
a Ключевые слова ПРИГОВОР
a Ключевые слова РГУП
700 _1 a Фамилия Беляев
b Имя М.В.
801 _0 a Страна RU
b Организация РГУП
c Дата составления 20180821
g Правила каталогизации PSBO
801 _1 a Страна RU
b Организация РГУП
c Дата составления 20180821
g Правила каталогизации PSBO
901 t Тип документа b
w Контрольный № источника 16f14ab4b610419dafd3beaeda6577f5
905 a Дата ввода 20180821